[Event "Albin Counter Gambit"]
[Site "SchemingMind.com"]
[Date "2009.11.20"]
[Round "-"]
[White "Schaakmaatje"]
[Black "XTC"]
[Result "0-1"]
[WhiteCountry "NED"]
[BlackCountry "COL"]
[WhiteElo "1736"]
[WhiteRD "50"]
[BlackElo "1739"]
[BlackRD "49"]
[GameID "227526"]

1. d4 d5 2. c4 e5 3. dxe5 d4 4. Nf3 Nc6 5. Bf4 Nge7 6. Na3 Bg4 7. Nc2 Bxf3 8. exf3 Ng6 9. Bg3 Bc5 10. Bd3 Ngxe5
11. O-O O-O 12. a3 Nxd3 13. Qxd3 Qf6 14. Bxc7 h5 15. b4 Be7 16. Rae1 Bd6 17. Bxd6 Qxd6 18. Re2 Rad8 19. Rfe1 f6 20. Re6 Qc7
21. c5 Ne5 22. Qb3 Qf7 23. f4 d3 24. fxe5 dxc2 25. exf6 Rde8 26. fxg7 Qxf2+
0-1

[Event "Albin Counter Gambit"]
[Site "SchemingMind.com"]
[Date "2009.11.25"]
[Round "-"]
[White "XTC"]
[Black "Schaakmaatje"]
[Result "1-0"]
[WhiteCountry "COL"]
[BlackCountry "NED"]
[WhiteElo "1739"]
[WhiteRD "49"]
[BlackElo "1736"]
[BlackRD "50"]
[GameID "227527"]

1. d4 d5 2. c4 e5 3. dxe5 d4 4. a3 a5 5. Bf4 c5 6. e3 Nc6 7. Nf3 Nge7 8. exd4 cxd4 9. Be2 Ng6 10. Bg3 Bc5
11. O-O O-O 12. Bd3 Bg4 13. Nbd2 Ncxe5 14. Bxg6 Nxg6 15. h3 Bf5 16. Nb3 b6 17. Nfxd4 Be4 18. f3 Bb7 19. Nxc5 bxc5 20. Nb5 Qxd1
21. Raxd1 Rad8 22. Bd6 Rfe8 23. Bxc5 Rc8 24. Nd6
1-0

[Event "Albin Counter Gambit"]
[Site "SchemingMind.com"]
[Date "2009.11.25"]
[Round "-"]
[White "memet"]
[Black "XTC"]
[Result "0-1"]
[WhiteCountry "TUR"]
[BlackCountry "COL"]
[WhiteElo "1560"]
[WhiteRD "67"]
[BlackElo "1818"]
[BlackRD "48"]
[GameID "228106"]

1. d4 d5 2. c4 e5 3. Qa4+ Bd7 4. Qb3 Bc6 5. dxe5 dxc4 6. Qxc4 Bd5 7. Qf4 f6 8. Nc3 Nc6 9. exf6 Nxf6 10. e4 Bd6
11. Qg5 Qe7 12. Bd3 O-O 13. Nge2 Bf7 14. h4 h6 15. Qb5 Rab8 16. Bf4 Bxf4 17. Nxf4 a6 18. Qf5 Qb4 19. O-O Qxb2 20. Nce2 Bxa2
21. Ne6 Rf7 22. Ng3 Nd7 23. Qg6 Bxe6 24. Qxe6 Nc5 25. Rab1 Qd4 26. Qd5 Nxd3 27. Rbd1 Qxd5 28. exd5 Ncb4 29. Rd2 Rd8 30. f3 Rxd5
31. Rfd1 c5 32. Ne4 c4 33. Nc3 Rh5 34. Ne4 Rxh4 35. Nd6 Rd7 36. Nf5 Rf4 37. Ne3 c3 38. Re2 Re7 39. Rf1 c2 40. g3 Rff7
41. Ree1 Nxe1
0-1

[Event "Albin Counter Gambit"]
[Site "SchemingMind.com"]
[Date "2009.11.29"]
[Round "-"]
[White "memet"]
[Black "Schaakmaatje"]
[Result "0-1"]
[WhiteCountry "TUR"]
[BlackCountry "NED"]
[WhiteElo "1506"]
[WhiteRD "70"]
[BlackElo "1715"]
[BlackRD "50"]
[GameID "228107"]

1. d4 d5 2. c4 e5 3. cxd5 Qxd5 4. Nc3 Qxd4 5. Qxd4 exd4 6. Nb5 Bb4+ 7. Bd2 Bxd2+ 8. Kxd2 Na6 9. Nxd4 Nf6 10. Ngf3 c5
11. Nb5 O-O 12. e3 Ne4+ 13. Ke1 Bd7 14. Bc4 Bxb5 15. Bxb5 Nc7 16. Bd3 Nf6 17. Ke2 Rad8 18. Rad1 Ne6 19. Rd2 Rd7 20. Rhd1 Rfd8
21. Bf5 Rxd2+ 22. Rxd2 Rxd2+ 23. Kxd2 Nc7 24. Ne5 Nfd5 25. a3 f6 26. Nd7 b6 27. Kd3 g6 28. Be4 Kf7 29. Bxd5+ Nxd5 30. Kc4 Nc7
31. Nb8 Ke6 32. b4 cxb4 33. axb4 a6 34. f4 Kd6 35. e4 a5 36. bxa5 bxa5 37. Kb3 Ne6 38. g3 Nd4+ 39. Kc4 Nc6 40. Na6 Na7
41. Nc5 Kc6 42. Ne6 Nb5 43. Nf8 Nd6+ 44. Kd4 Nb5+ 45. Kc4 Nd6+ 46. Kd4 Nb5+ 47. Ke3 a4 48. Kd2 a3 49. Kc2 Nd4+ 50. Kb1 Kb5
51. Nxh7 Kb4 52. Nxf6 Kb3 53. e5 a2+ 54. Kc1 a1=Q+ 55. Kd2 Qc3+
0-1

[Event "Albin Counter Gambit"]
[Site "SchemingMind.com"]
[Date "2009.11.25"]
[Round "-"]
[White "XTC"]
[Black "memet"]
[Result "1-0"]
[WhiteCountry "COL"]
[BlackCountry "TUR"]
[WhiteElo "1739"]
[WhiteRD "49"]
[BlackElo "1624"]
[BlackRD "78"]
[GameID "228108"]

1. d4 d5 2. c4 e5 3. dxe5 Be6 4. cxd5 Qxd5 5. Qxd5 Bxd5 6. Nc3 Bb4 7. Bd2 Bxc3 8. Bxc3 Ne7 9. f3 Nbc6 10. e4 Be6
11. Bb5 O-O-O 12. Ne2 Bd7 13. Bxc6 Nxc6 14. O-O-O a5 15. a4 Nb4 16. Bxb4 axb4 17. b3 f5 18. exf6 gxf6 19. Nf4 f5 20. Rhe1 Rde8
21. e5 b5 22. e6 Bc6 23. axb5 Bxb5 24. Rd5 c6 25. Rxf5 Re7 26. Rf7 Rxf7 27. exf7 c5 28. Ne6 Bd7 29. f8=Q+ Rxf8 30. Nxf8 Bf5
31. Re5
1-0

[Event "Albin Counter Gambit"]
[Site "SchemingMind.com"]
[Date "2009.11.29"]
[Round "-"]
[White "Schaakmaatje"]
[Black "memet"]
[Result "1-0"]
[WhiteCountry "NED"]
[BlackCountry "TUR"]
[WhiteElo "1680"]
[WhiteRD "47"]
[BlackElo "1560"]
[BlackRD "67"]
[GameID "228109"]

1. d4 d5 2. c4 e5 3. dxe5 Bb4+ 4. Bd2 Qe7 5. cxd5 Bxd2+ 6. Qxd2 Bd7 7. Nf3 Na6 8. Nc3 Nh6 9. e3 Bg4 10. Nd4 Qxe5
11. Be2 O-O 12. O-O Nc5 13. f3 Bd7 14. e4 Rad8 15. b4 Ne6 16. Rfd1 Nf4 17. Bf1 Rfe8 18. Nce2 Nxe2+ 19. Bxe2 f5 20. Nb3 fxe4
21. fxe4 Qxe4 22. Bf3 Qe3+ 23. Qxe3 Rxe3 24. Re1 Rd3 25. Nc5 Rd2 26. Re7 Bc8 27. Rxc7 Bg4 28. Ne6 Bxe6 29. dxe6 Rb2 30. Rxb7 Nf5
31. a4 Nh4 32. b5 g5 33. e7 Nxf3+ 34. gxf3 Re2 35. exd8=Q+
1-0

[Event "Albin Counter Gambit"]
[Site "SchemingMind.com"]
[Date "2009.12.02"]
[Round "-"]
[White "somar96"]
[Black "XTC"]
[Result "1-0"]
[WhiteCountry "POL"]
[BlackCountry "COL"]
[WhiteElo "1890"]
[WhiteRD "56"]
[BlackElo "1818"]
[BlackRD "48"]
[GameID "228980"]

1. d4 d5 2. c4 e5 3. dxe5 d4 4. Nf3 Nc6 5. Bf4 Bb4+ 6. Nbd2 Bg4 7. Qa4 Bxd2+ 8. Nxd2 Ne7 9. h3 Bd7 10. Qb3 b6
11. Nf3 Ng6 12. Bg3 Qe7 13. O-O-O Ngxe5 14. Nxd4 Nxd4 15. Rxd4 Bc6 16. e3 O-O 17. f3 a5 18. Be2 a4 19. Qc3 a3 20. b3 Rfe8
21. Rhd1 Qg5 22. Bxe5 Qxe5 23. R1d3 Qh2 24. Bf1 Qg1 25. Qe1 b5 26. c5 Qh2 27. Qf2 Bb7 28. b4 c6 29. Be2 Bc8 30. Qf1 Be6
31. Rd2 Qe5 32. Qf2 Qf6 33. g4 Rad8 34. Bd1 Rxd4 35. Rxd4 Bd5 36. f4 h6 37. Qd2 Qh4 38. Qd3 Qxh3 39. Qxa3 Qxe3+ 40. Qxe3 Rxe3
41. Kb2 Rg3 42. Bb3 Bxb3 43. axb3 Rxg4 44. Rd6 Rxf4 45. Rxc6 Rxb4 46. Rb6 Kf8 47. c6 Ke7 48. Kc3 Re4 49. Rxb5 Kd6 50. Rb6 Kc7
51. Ra6 g5 52. b4 g4 53. b5 g3 54. Ra7+ Kb6 55. Rb7+ Kc5 56. c7 Rc4+ 57. Kb3 Kd5 58. b6 g2 59. Rb8 g1=Q 60. Rd8+ Ke6
61. Kxc4 Qf1+ 62. Kc5 Qf5+ 63. Kc6 Qc2+ 64. Kb7 Qe4+ 65. Ka7 Qa4+ 66. Kb8 Qf4 67. b7 Ke7 68. Kc8 Qf5+ 69. Kb8 Qf4 70. Rd1 h5
71. Ra1
1-0

[Event "Albin Counter Gambit"]
[Site "SchemingMind.com"]
[Date "2009.12.06"]
[Round "-"]
[White "somar96"]
[Black "Schaakmaatje"]
[Result "0-1"]
[WhiteCountry "POL"]
[BlackCountry "NED"]
[WhiteElo "1896"]
[WhiteRD "57"]
[BlackElo "1676"]
[BlackRD "50"]
[GameID "228981"]

1. d4 d5 2. c4 e5 3. dxe5 d4 4. Nf3 Nc6 5. g3 Bc5 6. Bg2 Nge7 7. O-O O-O 8. a3 a5 9. Nbd2 Bf5 10. Nb3 b6
11. Nxc5 bxc5 12. Bf4 Rb8 13. Qd2 Rb3 14. Nh4 Be6 15. Qc2 a4 16. Rfd1 Qb8 17. Rab1 Na5 18. e3 Nxc4 19. exd4 cxd4 20. Be4 c5
21. Bxh7+ Kh8 22. Bd3 Nxb2 23. Be2 Qb6 24. Bg5 Nd5 25. Rd3 Nxd3 26. Bxd3 Rxb1+ 27. Qxb1 Qxb1+ 28. Bxb1 c4 29. Nf5 d3 30. Nd4 Nc3
31. Bc2 dxc2 32. Nxc2 Ne4 33. Be3 c3 34. Kf1 Bb3 35. Nd4 Rc8 36. f3 Nd2+ 37. Ke2 Nb1 38. Kd3 Nxa3 39. f4 c2 40. Bc1 Nb1
41. f5 Rc3+ 42. Ke2 Bc4+ 43. Ke1 a3 44. e6 fxe6 45. fxe6 Kg8 46. e7 Kf7 47. Nf5 Be6 48. Nxg7 Bd7 49. Bh6 Kxe7 50. Bg5+ Kf7
51. Nh5 c1=Q+ 52. Bxc1 Rxc1+ 53. Kf2 a2 54. Nf4 a1=Q 55. Kf3 Rf1+ 56. Kg2 Nc3 57. Ne2 Nxe2 58. g4 Bc6+ 59. Kh3 Qh8#
0-1

[Event "Albin Counter Gambit"]
[Site "SchemingMind.com"]
[Date "2009.12.02"]
[Round "-"]
[White "somar96"]
[Black "memet"]
[Result "1-0"]
[WhiteCountry "POL"]
[BlackCountry "TUR"]
[WhiteElo "1890"]
[WhiteRD "56"]
[BlackElo "1560"]
[BlackRD "67"]
[GameID "228982"]

1. d4 d5 2. c4 e5 3. dxe5 Bb4+ 4. Bd2 Qe7 5. cxd5 Bxd2+ 6. Qxd2 Qxe5 7. Nf3 Qd6 8. Nc3 Nf6 9. e4 Bg4 10. e5 Qe7
11. Bb5+ c6 12. dxc6 Nxc6 13. Bxc6+ bxc6 14. Qd6 Qxd6 15. exd6 Bxf3 16. gxf3 Rd8 17. O-O-O O-O 18. Rhe1 Rd7 19. Re7 Rfd8 20. Rxd7 Rxd7
21. Ne4 Ne8 22. Kc2 f5 23. Nc5 Rxd6 24. Rxd6 Nxd6 25. Kd3 Kf7 26. Kd4 Kf6 27. a4 g5 28. b4 f4 29. h3 Kf5 30. Ne4 Nb7
31. a5 h5 32. a6 Nd8 33. Nd6+ Kg6 34. Ke5 c5 35. bxc5 Nc6+ 36. Ke6 Nd4+ 37. Kd5 Nxf3 38. c6
1-0

[Event "Albin Counter Gambit"]
[Site "SchemingMind.com"]
[Date "2009.12.02"]
[Round "-"]
[White "XTC"]
[Black "somar96"]
[Result "1-0"]
[WhiteCountry "COL"]
[BlackCountry "POL"]
[WhiteElo "1818"]
[WhiteRD "48"]
[BlackElo "1890"]
[BlackRD "56"]
[GameID "228983"]

1. d4 d5 2. c4 e5 3. e3 exd4 4. exd4 Nf6 5. Nc3 Be6 6. Nf3 Bb4 7. Qa4+ Nc6 8. Ne5 Bxc3+ 9. bxc3 O-O 10. cxd5 Bxd5
11. Be3 Re8 12. Nxc6 Bxc6 13. Bb5 Bxg2 14. Rg1 Bc6 15. Bxc6 bxc6 16. Qxc6 Nd5 17. Qh6 g6 18. Kd2 Rb8 19. Rgb1 Rxb1 20. Rxb1 Qd7
21. h4 Qa4 22. Rb2 c5 23. dxc5 Qc4 24. Bd4 Re2+ 25. Kc1 Re1+ 26. Kc2 Qe2+ 27. Qd2 Qe4+ 28. Kb3 Qe6 29. c4 Ne7 30. Bc3 Nc6
31. Qxe1 Qxe1 32. Bxe1 Kg7 33. f4 Kf6 34. Ka4 Kf5 35. Rb7 Kxf4 36. Rxf7+ Ke3 37. Rxh7
1-0

[Event "Albin Counter Gambit"]
[Site "SchemingMind.com"]
[Date "2009.12.06"]
[Round "-"]
[White "Schaakmaatje"]
[Black "somar96"]
[Result "0-1"]
[WhiteCountry "NED"]
[BlackCountry "POL"]
[WhiteElo "1680"]
[WhiteRD "47"]
[BlackElo "1890"]
[BlackRD "56"]
[GameID "228984"]

1. d4 d5 2. c4 e5 3. dxe5 d4 4. Nf3 Nc6 5. g3 Bg4 6. Bg2 Bc5 7. O-O Nge7 8. Bg5 O-O 9. Nbd2 h6 10. Bxe7 Qxe7
11. h3 Bxf3 12. Nxf3 Nxe5 13. Nxd4 Rad8 14. Nf5 Qf6 15. Qc2 c6 16. Kh2 Rd7 17. b3 Rfd8 18. e4 g6 19. Nxh6+ Kg7 20. Ng4 Nxg4+
21. hxg4 Rd2 22. g5 Rh8+ 23. Bh3 Rxh3+ 24. Kxh3 Qe6+
0-1

[Event "Albin Counter Gambit"]
[Site "SchemingMind.com"]
[Date "2009.12.02"]
[Round "-"]
[White "memet"]
[Black "somar96"]
[Result "0-1"]
[WhiteCountry "TUR"]
[BlackCountry "POL"]
[WhiteElo "1543"]
[WhiteRD "72"]
[BlackElo "1896"]
[BlackRD "57"]
[GameID "228985"]

1. d4 d5 2. c4 e5 3. Qa4+ Nc6 4. dxe5 dxc4 5. Nf3 Bb4+ 6. Bd2 Bxd2+ 7. Nbxd2 Be6 8. e4 Ne7 9. Bxc4 O-O 10. Rd1 Ng6
11. Qb3 Na5 12. Qc3 Nxc4 13. Nxc4 Qe7 14. O-O Bxc4 15. Qxc4 Nxe5 16. Nxe5 Qxe5 17. f4 Qxb2 18. Qxc7 b6 19. e5 Qxa2 20. Rd7 b5
21. Re1 Rac8 22. Qxa7 Qxa7+ 23. Rxa7 b4 24. Rb7 Rc4 25. g3 h5 26. Rb1 Rd8 27. R7xb4 Rc2 28. Rb8 Rxb8 29. Rxb8+ Kh7 30. Rf8 Kg6
31. Re8 Re2 32. h3 Ra2= 33. g4 hxg4 34. hxg4 Ra4 35. e6 fxe6 36. Rxe6+ Kf7 37. Re2= Rxf4 38. Rf2 Rxf2 39. Kxf2 Kf6 40. Kg3 Kg5
41. Kf3 Kh4 42. Kf4 g6 43. Kf3 g5 44. Kg2 Kxg4 45. Kh2 Kf3 46. Kg1 Kg3 47. Kh1 Kf2 48. Kh2 g4 49. Kh1 Kg3 50. Kg1 Kh3
51. Kh1 g3 52. Kg1 g2
0-1

[Event "Albin Counter Gambit"]
[Site "SchemingMind.com"]
[Date "2009.12.09"]
[Round "-"]
[White "jtrochez1"]
[Black "XTC"]
[Result "0-1"]
[WhiteCountry "HON"]
[BlackCountry "COL"]
[WhiteElo "1530"]
[WhiteRD "51"]
[BlackElo "1818"]
[BlackRD "48"]
[GameID "229931"]

1. d4 d5 2. c4 e5 3. dxe5 d4 4. Nf3 Nc6 5. a3 Nge7 6. Bg5 h6 7. Bxe7 Bxe7 8. h3 O-O 9. Nbd2 Na5 10. b4 Nc6
11. c5 b6 12. Nb3 Qd5 13. Nbxd4 Nxe5 14. Nxe5 Qxe5 15. e3 bxc5 16. Nc6 Qc3+ 17. Ke2 Ba6+ 18. Kf3 Qf6+ 19. Kg3 Qxc6 20. Kh2 cxb4
21. Bxa6 Qxa6 22. axb4 Qf6 23. Qd2 Qd6+ 24. Qxd6 Bxd6+ 25. g3 Bxb4 26. Ra4 a5 27. Rd1 c5 28. Ra2 Rfd8 29. Rxd8+ Rxd8
0-1

[Event "Albin Counter Gambit"]
[Site "SchemingMind.com"]
[Date "2009.12.12"]
[Round "-"]
[White "jtrochez1"]
[Black "Schaakmaatje"]
[Result "0-1"]
[WhiteCountry "HON"]
[BlackCountry "NED"]
[WhiteElo "1547"]
[WhiteRD "52"]
[BlackElo "1715"]
[BlackRD "50"]
[GameID "229932"]

1. d4 d5 2. c4 e5 3. dxe5 d4 4. Nf3 Nc6 5. a3 a5 6. e4 Bg4 7. Nbd2 Nxe5 8. b3 Nf6 9. Bb2 Bc5 10. h3 Bh5
11. g4 Nxf3+ 12. Nxf3 Bg6 13. Bd3 O-O 14. O-O Nxe4 15. Bxe4 Bxe4 16. Nxd4 Qh4 17. Kh2 Rad8 18. Qe1 Bxd4 19. Bxd4 Rxd4 20. f3 Qxe1
21. Raxe1 Rd2+ 22. Kg3 Bc2 23. Re3 Rd3 24. Rxd3 Bxd3 25. Rf2 Re8 26. Rd2 Rd8 27. f4 Kf8 28. h4 Ke7 29. Rf2 f6 30. f5 Rd4
31. c5 Bb5 32. Rf3 Rd3 33. Rxd3 Bxd3 34. h5 h6 35. b4 Kd7 36. Kf4 Kc6 37. Ke3 Bc2 38. Kd2 Bb1 39. Kc1 Be4
0-1

[Event "Albin Counter Gambit"]
[Site "SchemingMind.com"]
[Date "2009.12.07"]
[Round "-"]
[White "jtrochez1"]
[Black "memet"]
[Result "0-1"]
[WhiteCountry "HON"]
[BlackCountry "TUR"]
[WhiteElo "1547"]
[WhiteRD "52"]
[BlackElo "1506"]
[BlackRD "70"]
[GameID "229933"]

1. d4 d5 2. c4 e5 3. dxe5 Bb4+ 4. Bd2 Qe7 5. Qb3 Na6 6. Nf3 Bg4 7. cxd5 Bxf3 8. exf3 Bxd2+ 9. Nxd2 Nc5 10. Qc3 O-O-O
11. Bc4 Nh6 12. O-O Qg5 13. a4 Rhf8 14. b4 Nd7 15. Ne4 Qxe5 16. Qc2 f5 17. Nc3 Nb6 18. Rfe1 Qd6 19. b5 Nxc4 20. a5 Qc5
21. Rac1 Nxa5 22. Qa4 b6 23. Rc2 Qc4 24. Qxc4 Nxc4 25. Ra2 Kb7 26. Rea1 Na5 27. Rd1 Nf7 28. f4 Rd6 29. Rad2 Rfd8 30. f3 Nc4
31. Re2 h6 32. Re7 R8d7 33. Rxd7 Rxd7 34. g4 fxg4 35. fxg4 Ne3 36. Rd2 Nxg4 37. Re2 Nf6 38. h3 Nxd5 39. Nxd5 Rxd5 40. Re7 Rf5
41. Re4 Rxb5 42. Kg2 a5 43. Re7 Rf5 44. Kg3 a4 45. Re3 g5 46. fxg5 Rxg5+ 47. Kf4 Nd6 48. h4 Rf5+ 49. Kg3 Ra5
0-1

[Event "Albin Counter Gambit"]
[Site "SchemingMind.com"]
[Date "2009.12.07"]
[Round "-"]
[White "jtrochez1"]
[Black "somar96"]
[Result "0-1"]
[WhiteCountry "HON"]
[BlackCountry "POL"]
[WhiteElo "1519"]
[WhiteRD "55"]
[BlackElo "1896"]
[BlackRD "57"]
[GameID "229934"]

1. d4 d5 2. c4 e5 3. dxe5 d4 4. Nf3 Nc6 5. a3 Bg4 6. Bf4 Nge7 7. b4 Ng6 8. Bg3 Bxf3 9. exf3 Ncxe5 10. Bd3 Be7
11. f4 Nxd3+ 12. Qxd3 O-O 13. O-O Bf6 14. Nd2 h5 15. h3 h4 16. Bh2 a5 17. b5 Re8 18. a4 Qd7 19. Ne4 Be7 20. Nc3 c6
21. Ne4 f5 22. Nc3 Rad8 23. Ne2 Bf6 24. Rac1 Re4 25. bxc6 bxc6 26. c5 Qd5 27. Rc2 Nf8 28. Re1 Ne6 29. Kf1 Nxc5 30. Qc4 d3
31. Qxd5+ Rxd5 32. Rd2 dxe2+ 33. Rexe2 Kf7 34. Rxd5 cxd5 35. g3 Ke6 36. f3 Rxe2 37. Kxe2 hxg3 38. Bxg3 d4 39. Be1 Kd5 40. Bxa5 Nxa4
41. Be1 Kc4 42. h4 d3+ 43. Kf1 Bc3 44. Bxc3 Kxc3
0-1

[Event "Albin Counter Gambit"]
[Site "SchemingMind.com"]
[Date "2009.12.09"]
[Round "-"]
[White "XTC"]
[Black "jtrochez1"]
[Result "1-0"]
[WhiteCountry "COL"]
[BlackCountry "HON"]
[WhiteElo "1818"]
[WhiteRD "48"]
[BlackElo "1530"]
[BlackRD "51"]
[GameID "229935"]

1. d4 d5 2. c4 e5 3. e3 exd4 4. exd4 Ne7 5. Nf3 Nbc6 6. c5 h6 7. Bb5 Bd7 8. O-O a6 9. Bxc6 Nxc6 10. Nc3 Be6
11. Re1 Be7 12. a3 O-O 13. Ne5 Nxe5 14. Rxe5 Bf6 15. Re1 Bg5 16. Bxg5 Qxg5 17. Re5 Qf6 18. Nxd5 Bxd5 19. Rxd5 c6 20. Rd6 Qg5
21. Rd7 Rab8 22. Qf3 f6 23. Qb3+ Kh8 24. Rxb7 Rxb7 25. Qxb7 f5 26. Qxc6 f4 27. f3 Rf6 28. Qe8+ Kh7 29. Rc1 Qd5 30. Qe4+ Qxe4
31. fxe4 f3 32. c6
1-0

[Event "Albin Counter Gambit"]
[Site "SchemingMind.com"]
[Date "2009.12.12"]
[Round "-"]
[White "Schaakmaatje"]
[Black "jtrochez1"]
[Result "1-0"]
[WhiteCountry "NED"]
[BlackCountry "HON"]
[WhiteElo "1676"]
[WhiteRD "50"]
[BlackElo "1519"]
[BlackRD "55"]
[GameID "229936"]

1. d4 d5 2. c4 e5 3. dxe5 c6 4. e3 Be6 5. Qb3 Qc7 6. Nf3 h6 7. Bd2 Nd7 8. Bc3 Nc5 9. Qc2 Ne4 10. Bd3 Nxc3
11. Qxc3 a5 12. a3 Ne7 13. Nbd2 O-O-O 14. b4 a4 15. O-O g5 16. Rac1 Qd7 17. b5 dxc4 18. Bxc4 Nd5 19. bxc6 bxc6 20. Ba6+ Kc7
21. Qa5+ Nb6 22. Nd4 c5 23. Ne4 Be7 24. Nxc5
1-0

[Event "Albin Counter Gambit"]
[Site "SchemingMind.com"]
[Date "2009.12.07"]
[Round "-"]
[White "memet"]
[Black "jtrochez1"]
[Result "0-1"]
[WhiteCountry "TUR"]
[BlackCountry "HON"]
[WhiteElo "1506"]
[WhiteRD "70"]
[BlackElo "1547"]
[BlackRD "52"]
[GameID "229937"]

1. d4 d5 2. c4 e5 3. Qa4+ Qd7 4. Nc3 Qxa4 5. Nxa4 Bb4+ 6. Bd2 Bxd2+ 7. Kxd2 dxc4 8. dxe5 Bd7 9. Nc5 Bc6 10. Nh3 h6
11. Rd1 Ne7 12. e6 f6 13. f3 b6 14. Nd7 Bxd7 15. exd7+ Nxd7 16. e4 b5 17. Nf4 Nc5 18. Kc3 O-O 19. Nd5 Nxd5+ 20. Rxd5 Na4+
21. Kb4 c6 22. Rd2 a5+ 23. Ka3 Nc5 24. b3 b4+ 25. Kb2 c3+ 26. Kc2 cxd2 27. Kxd2 Rad8+ 28. Ke3 Kh8 29. Bc4 a4 30. Kf4 a3
31. Re1 Nd3+ 32. Bxd3 Rxd3 33. Re2 g6 34. Rc2 Rc8 35. e5 fxe5+ 36. Kxe5 Kg7 37. Rc4 c5 38. g4 Rxf3 39. h4 Rc3 40. Rf4 Rc2
41. Kd6 Rxa2 42. Ke6 Re2+ 43. Kd7 Rce8 44. Rc4 R8e5 45. Rf4 a2 46. Rf1 Re1
0-1

[Event "Albin Counter Gambit"]
[Site "SchemingMind.com"]
[Date "2009.12.07"]
[Round "-"]
[White "somar96"]
[Black "jtrochez1"]
[Result "1-0"]
[WhiteCountry "POL"]
[BlackCountry "HON"]
[WhiteElo "1896"]
[WhiteRD "57"]
[BlackElo "1519"]
[BlackRD "55"]
[GameID "229938"]

1. d4 d5 2. c4 e5 3. dxe5 c6 4. cxd5 cxd5 5. Nf3 h6 6. Nc3 Be6 7. e3 a6 8. Be2 Nc6 9. O-O Bc5 10. b3 Nge7
11. Bb2 Qc7 12. Rc1 Ng6 13. Nxd5 Bxd5 14. Qxd5 Be7 15. e6 O-O 16. exf7+ Kh8 17. Qe6 Qd6 18. Qxd6 Bxd6 19. Rfd1 Rad8 20. Bd3 Nge5
21. Nxe5 Bxe5 22. Bxe5 Nxe5 23. Be4 b6 24. Rxd8 Rxd8 25. f4 Nxf7 26. Rc2 a5 27. Kf2 Nd6 28. Bd3 Rc8 29. Rxc8+ Nxc8 30. Kf3 Nd6
31. e4 Kg8 32. e5 Ne8 33. Ke4 Nc7 34. Bc4+ Kf8 35. f5 Ke7 36. g4 b5 37. Bd5 b4 38. h4 Nb5 39. g5 Nc3+ 40. Kd4 Nxa2
41. f6+ Kf8 42. e6 Nc3 43. e7+
1-0

[Event "Albin Counter Gambit"]
[Site "SchemingMind.com"]
[Date "2009.12.10"]
[Round "-"]
[White "Lucas the Pirate"]
[Black "jtrochez1"]
[Result "1-0"]
[WhiteCountry "ISR"]
[BlackCountry "HON"]
[WhiteElo "1809"]
[WhiteRD "78"]
[BlackElo "1547"]
[BlackRD "52"]
[GameID "230488"]

1. d4 d5 2. c4 e5 3. dxe5 d4 4. Nf3 Be6 5. Nxd4 c6 6. e4 Bd7 7. Be2 Qa5+ 8. Nc3 Qxe5 9. O-O Bc5 10. Be3 Bd6
11. Nf3 Qe7 12. Qd2 h6 13. Rad1 Bc7 14. Bf4 Bxf4 15. Qxf4 Be6 16. Nd4 Bd7 17. Bg4 Bxg4 18. Qxg4 Nd7 19. Qxg7 Qf6 20. Nf5 Qxg7
21. Nxg7+ Kf8 22. Nf5 Ngf6 23. f4 Nc5 24. e5 Ng4 25. h3 Nxe5 26. fxe5 Ke8 27. b4 Nd7 28. Nd6+
1-0

[Event "Albin Counter Gambit"]
[Site "SchemingMind.com"]
[Date "2009.12.11"]
[Round "-"]
[White "Lucas the Pirate"]
[Black "XTC"]
[Result "1/2-1/2"]
[WhiteCountry "ISR"]
[BlackCountry "COL"]
[WhiteElo "1809"]
[WhiteRD "78"]
[BlackElo "1857"]
[BlackRD "56"]
[GameID "230489"]

1. d4 d5 2. c4 e5 3. dxe5 dxc4 4. Qxd8+ Kxd8 5. Nf3 Be6 6. g3 Nd7 7. Bg2 f6 8. O-O Bc5 9. exf6 Ngxf6 10. Bg5 h6
11. Bf4 Kc8 12. Nc3 g5 13. Bd2 Rb8 14. Rad1 b5 15. a3 c6 16. Bc1 Rd8 17. Nd2 Bd5 18. Nde4 Bxe4 19. Nxe4 Nxe4 20. Bxe4 Kb7
21. Kg2 Nf6 22. Bg6 Rxd1 23. Rxd1 Rg8 24. Bf5 Re8 25. e3 g4 26. Re1 h5 27. e4 Bd4 28. Re2 c5 29. Bg5 Kb6 30. f4 gxf3+
31. Kxf3 Kc6 32. Bf4 Nd7 33. Bg6 Ne5+ 34. Bxe5 Rxe5 35. Rc2 a5 36. Bf7 a4 37. Kf4=
1/2-1/2

[Event "Albin Counter Gambit"]
[Site "SchemingMind.com"]
[Date "2009.12.15"]
[Round "-"]
[White "Lucas the Pirate"]
[Black "Schaakmaatje"]
[Result "1/2-1/2"]
[WhiteCountry "ISR"]
[BlackCountry "NED"]
[WhiteElo "1846"]
[WhiteRD "80"]
[BlackElo "1762"]
[BlackRD "46"]
[GameID "230490"]

1. d4 d5 2. c4 e5 3. e3 exd4 4. Qxd4 Bb4+ 5. Bd2 Bxd2+ 6. Nxd2 Nf6 7. Ngf3 O-O 8. Bd3 Be6 9. Rc1 Nbd7 10. O-O c5
11. Qh4 h6 12. cxd5 Nxd5 13. Rfd1 Qxh4 14. Nxh4 Nb4 15. Nb3 Nxa2 16. Na5 Nxc1 17. Rxc1 b6 18. Nc6 Rfe8 19. Nf5 Bxf5 20. Bxf5 Ne5
21. Nxe5 Rxe5 22. e4 Rd8 23. f4 Rxf5 24. exf5 Rd5 25. f6 Rf5 26. g3 Rxf6 27. Rd1 Kf8 28. Rd7 a6 29. Kf2 Re6 30. Rc7 Ke8
31. Kf3 Re7 32. Rc6 Re6 33. Rc8+= Ke7 34. Rc7+ Ke8 35. Rc8+ Kd7 36. Ra8 a5 37. Ra7+ Ke8 38. Ra8+ Ke7 39. Ra7+ Kf6 40. Rd7 Re7
41. Rd6+ Re6 42. Rd7 g6 43. Ra7 Kg7 44. Rb7 g5 45. f5 Rd6 46. g4 Rd3+ 47. Ke4 Rb3 48. Ke5 Rxb2 49. h3 c4 50. Rb8 Rb5+
51. Kd4 Kf6 52. Kxc4 Rb4+ 53. Kc3 b5 54. Rb6+ Kg7 55. Rb8 a4 56. Kxb4=
1/2-1/2

[Event "Albin Counter Gambit"]
[Site "SchemingMind.com"]
[Date "2009.12.11"]
[Round "-"]
[White "Lucas the Pirate"]
[Black "memet"]
[Result "1-0"]
[WhiteCountry "ISR"]
[BlackCountry "TUR"]
[WhiteElo "1809"]
[WhiteRD "78"]
[BlackElo "1506"]
[BlackRD "70"]
[GameID "230491"]

1. d4 d5 2. c4 e5 3. dxe5 Be6 4. cxd5 Qxd5 5. Qxd5 Bxd5 6. Nc3 Be6 7. Bf4 Bb4 8. Rc1 Bxa2 9. e4 Nc6 10. Bb5 Ne7
11. Nf3 O-O 12. O-O Be6 13. Rfd1 Ng6 14. Bg3 Bg4 15. Bxc6 Bxf3 16. Bxb7 Bxd1 17. Bxa8 Bxc3 18. bxc3 Rxa8 19. Rxd1 a5 20. Ra1 a4
21. f4 a3 22. Ra2 Ne7 23. Bf2 Nc8 24. Bc5 Nb6 25. Rxa3 Rxa3 26. Bxa3 Nc4 27. Bc1 Kf8 28. Kf2 Ke7 29. Ke2 h6 30. Kd3 Na5
31. Ba3+ Ke6 32. Bf8 g5 33. Bxh6 gxf4 34. Bxf4 Nc6 35. h4 Ne7 36. Kd4 Ng6 37. g3 c6 38. Kc5 Ne7 39. h5 f6 40. exf6
1-0

[Event "Albin Counter Gambit"]
[Site "SchemingMind.com"]
[Date "2009.12.10"]
[Round "-"]
[White "Lucas the Pirate"]
[Black "somar96"]
[Result "0-1"]
[WhiteCountry "ISR"]
[BlackCountry "POL"]
[WhiteElo "1833"]
[WhiteRD "77"]
[BlackElo "1892"]
[BlackRD "62"]
[GameID "230492"]

1. d4 d5 2. c4 e5 3. cxd5 Qxd5 4. e3 Nf6 5. Nf3 Nc6 6. Be2 Bb4+ 7. Nc3 O-O 8. O-O Bxc3 9. bxc3 e4 10. c4 Qf5
11. d5 exf3 12. Bxf3 Ne5 13. Be2 Ng6 14. Bb2 Bd7 15. Rc1 Rfe8 16. Qd3 Qxd3 17. Bxd3 Ne5 18. Be2 b6 19. Rfd1 Rad8 20. h3 Ba4
21. Rd4 Bd7 22. c5 Bc8 23. Bb5 Bd7 24. c6 Bc8 25. f4 Ng6 26. Re1 h5 27. d6 Rxd6 28. Rxd6 cxd6 29. Bxf6 gxf6 30. Kf2 Kg7
31. Rd1 Re7 32. Rxd6 Rc7 33. Be2 h4 34. Bc4 Ne7 35. Bb5 a6 36. Rd7 Nd5 37. Rxc7 Nxc7 38. Be2 Kf8 39. Bf3 Ke7 40. g4 Kd6
41. e4 Be6 42. a3 Nb5 43. a4 Nd4 44. Bg2 Nxc6 45. Bf1 a5 46. Ke3 Kc5 47. Bb5 Nd4 48. Be8 Nc6 49. f5 Bc4 50. Kf4 Ne5
51. g5 Nd3+ 52. Kg4 fxg5 53. Kxg5 Ne5 54. Kxh4 b5 55. Kg3 b4
0-1

[Event "Albin Counter Gambit"]
[Site "SchemingMind.com"]
[Date "2009.12.12"]
[Round "-"]
[White "jtrochez1"]
[Black "Lucas the Pirate"]
[Result "0-1"]
[WhiteCountry "HON"]
[BlackCountry "ISR"]
[WhiteElo "1547"]
[WhiteRD "52"]
[BlackElo "1809"]
[BlackRD "78"]
[GameID "230493"]

1. d4 d5 2. c4 e5 3. dxe5 d4 4. Nf3 Nc6 5. e4 Bb4+ 6. Bd2 Bg4 7. Be2 d3 8. Bf1 Bxd2+ 9. Qxd2 Bxf3 10. gxf3 Nxe5
11. Bg2 Nxc4 12. Qc3 b5 13. O-O Nf6 14. Nd2 Nxd2 15. Qxd2 c5 16. a3 O-O 17. Rfd1 c4 18. Bf1 Nh5 19. Bg2 Qh4 20. Kh1 Rab8
21. Kg1 Nf4 22. Kh1 Rb6 23. Kg1 Nxg2 24. Kxg2 Rg6+
0-1